000 00243nam a2200109Ia 4500
008 190216s9999||||xx |||||||||||||| ||und||
100 _aPaula De F R M
245 0 _aPrinciples Of Auditing
260 _bNull
_c1966
300 _a442p
942 _cBK
999 _c3877
_d3877